[Event "Let's play some blitz, bitches"]
[Site "SchemingMind.com"]
[Date "2014.12.05"]
[Round "-"]
[White "BigDoggProblem"]
[Black "kenneth m day"]
[Result "1-0"]
[WhiteCountry "USA"]
[BlackCountry "USA"]
[WhiteElo "1824"]
[WhiteRD "62"]
[BlackElo "1712"]
[BlackRD "48"]
[GameID "370653"]

1. e4 e5 2. Nf3 Nc6 3. Bb5 a6 4. Ba4 Nf6 5. O-O Nxe4 6. Re1 d5 7. Nxe5 Bd7 8. Nxc6 bxc6 9. d3 Qh4 10. dxe4 O-O-O
11. Qd3 Bd6 12. Qxa6+ Kb8 13. e5 Bc5 14. Be3 d4 15. Bd2 d3 16. Be3 Bxe3 17. Rxe3 dxc2 18. Rb3+
1-0

[Event "Let's play some blitz, bitches"]
[Site "SchemingMind.com"]
[Date "2014.12.05"]
[Round "-"]
[White "kenneth m day"]
[Black "BigDoggProblem"]
[Result "1-0"]
[WhiteCountry "USA"]
[BlackCountry "USA"]
[WhiteElo "1712"]
[WhiteRD "48"]
[BlackElo "1824"]
[BlackRD "62"]
[GameID "370654"]

1. e4 c6 2. c4 d5 3. cxd5 cxd5 4. exd5 Qxd5 5. Nc3 Qe5+ 6. Be2 Nc6 7. Nf3 Qf5 8. O-O Nf6 9. d4 Be6 10. Bd3 Qa5
11. Bd2 O-O-O 12. Re1 Nxd4 13. Nxd4 Rxd4 14. Nb5 Qd8 15. Rc1+ Kb8 16. Nxd4 Qxd4 17. Be3 Qd6 18. Qa4
1-0

[Event "Let's play some blitz, bitches"]
[Site "SchemingMind.com"]
[Date "2014.12.05"]
[Round "-"]
[White "Abstract Actuary"]
[Black "kenneth m day"]
[Result "1-0"]
[WhiteCountry "USA"]
[BlackCountry "USA"]
[WhiteElo "1835"]
[WhiteRD "75"]
[BlackElo "1691"]
[BlackRD "48"]
[GameID "370655"]

1. e4 e5 2. f4 exf4 3. Nf3 d6 4. Bc4 h6 5. d4 g5 6. h4 Bg7 7. c3 Bg4 8. Qb3 Qe7 9. Qxb7 Nf6 10. Qxa8 O-O
11. hxg5 Nxe4 12. Bxf4 Ng3+ 13. Kd2 Nxh1 14. gxh6 Bf6 15. Na3 Nf2 16. Re1 Qd7 17. Qxa7 Nc6 18. Qa4 Bf5 19. Bb5 Ne4+ 20. Kc1 Nf2
21. Bxc6 Nd3+ 22. Kd2 Qc8 23. Bg3 Nxe1 24. Bxe1 Qe6 25. d5 Qe4 26. Qxe4 Bxe4 27. Ke2 Kh7 28. Bd2 Rg8 29. Kf2 Be7 30. Nb5 Bd8
31. a4 Rg4 32. b4 Bf5 33. Bb7 Bd3 34. Nfd4 Bh4+ 35. Kf3 Rg3+ 36. Kf4 Rxg2 37. Be3 Rg8 38. a5 Bg3+ 39. Kf3 Be1 40. Bf4 Bf5
41. Nxf5
1-0

[Event "Let's play some blitz, bitches"]
[Site "SchemingMind.com"]
[Date "2014.12.05"]
[Round "-"]
[White "kenneth m day"]
[Black "Abstract Actuary"]
[Result "0-1"]
[WhiteCountry "USA"]
[BlackCountry "USA"]
[WhiteElo "1712"]
[WhiteRD "48"]
[BlackElo "1842"]
[BlackRD "74"]
[GameID "370656"]

1. e4 d6 2. d4 Nf6 3. Nc3 g6 4. Nf3 Bg7 5. h3 O-O 6. Be3 a6 7. g4 Nc6 8. Qd2 b5 9. Be2 b4 10. Nd5 Nxe4
11. Qd3 Nf6 12. Nxf6+ Bxf6 13. Bh6 Re8 14. g5 Bh8 15. h4 Bb7 16. O-O-O Nxd4 17. Nxd4 Bxh1 18. Rxh1 c5 19. Nf3 Qa5 20. Kb1 Qb6
21. h5 Qc6 22. hxg6 hxg6 23. Rh3 e5 24. Bf1 e4 25. Qb3 exf3
0-1

[Event "Let's play some blitz, bitches"]
[Site "SchemingMind.com"]
[Date "2014.12.04"]
[Round "-"]
[White "mmccaffe"]
[Black "kenneth m day"]
[Result "1-0"]
[WhiteCountry "USA"]
[BlackCountry "USA"]
[WhiteElo "1718"]
[WhiteRD "59"]
[BlackElo "1691"]
[BlackRD "48"]
[GameID "370657"]

1. d4 Nf6 2. c4 e5 3. dxe5 Ng4 4. Nf3 Nc6 5. Bf4 Bb4+ 6. Nbd2 Qe7 7. e3 Ngxe5 8. Nxe5 Nxe5 9. Be2 O-O 10. a3 Bd6
11. O-O Re8 12. b4 b6 13. Qc2 Bb7 14. Rac1 Qh4 15. Bg3 Qg5 16. f4 Qg6 17. fxe5 Qxc2 18. Rxc2 Bxe5 19. Bxe5 Rxe5 20. Rc3 Rae8
21. Bf3 Bc8 22. Re1 c6 23. c5 bxc5 24. bxc5 Ba6 25. e4 Rg5 26. Be2 Bc8 27. Rb3 d5 28. cxd6 Bd7 29. Rb7 Be6 30. Bc4 h5
31. Bxe6
1-0

[Event "Let's play some blitz, bitches"]
[Site "SchemingMind.com"]
[Date "2014.12.04"]
[Round "-"]
[White "kenneth m day"]
[Black "mmccaffe"]
[Result "0-1"]
[WhiteCountry "USA"]
[BlackCountry "USA"]
[WhiteElo "1691"]
[WhiteRD "48"]
[BlackElo "1718"]
[BlackRD "59"]
[GameID "370658"]

1. e4 e5 2. f4 exf4 3. Nf3 d6 4. d4 g5 5. g3 g4 6. Nh4 f3 7. Nc3 c6 8. Bf4 Ne7 9. Bg5 h6 10. Bf6 Rg8
11. Qd2 Bg7 12. Qf4 Bxf6 13. Qxf6 Ng6 14. Qxd8+ Kxd8 15. O-O-O Nxh4 16. gxh4 Be6 17. d5 cxd5 18. exd5 Bf5 19. Rd4 h5 20. Rf4 Bg6
21. Bb5 Nd7 22. Re1 a6 23. Ba4 b5 24. Bb3 Nc5 25. h3 f5 26. hxg4 fxg4 27. Rf6 Nxb3+ 28. axb3 Kd7 29. Ree6 Be8 30. Rxd6+ Kc7
31. Rde6 g3 32. Rxf3 g2 33. Ne2 g1=Q+ 34. Nxg1 Rxg1+ 35. Kd2 Rg2+ 36. Kc3 Rg4 37. Rf8 Kd7 38. Rb6 Rc8+ 39. Kd3 Bg6+ 40. Rxg6 Rxg6
0-1

[Event "Let's play some blitz, bitches"]
[Site "SchemingMind.com"]
[Date "2014.12.04"]
[Round "-"]
[White "kenneth m day"]
[Black "ray winteringham"]
[Result "1-0"]
[WhiteCountry "USA"]
[BlackCountry "ENG"]
[WhiteElo "1712"]
[WhiteRD "48"]
[BlackElo "1525"]
[BlackRD "50"]
[GameID "370659"]

1. e4 e5 2. f4 exf4 3. Nf3 Bc5 4. d4 Bb6 5. Bxf4 Ne7 6. Nc3 d6 7. Qd2 Bg4 8. Be2 Nd7 9. O-O-O h6 10. h3 Bh5
11. g4 Bg6 12. e5 O-O 13. exd6 cxd6 14. Bxd6 Re8 15. Rhe1 Nf6 16. Be5 Ned5 17. Nxd5 Nxd5 18. c4 Ne7 19. h4 Ba5 20. b4 Bc7
21. h5 Bh7 22. g5 Bf5 23. gxh6 Bh7 24. Bxg7 Qb8 25. Ne5 Bxe5 26. Bxe5 Qc8 27. Qg5+ Bg6 28. Qf6
1-0

[Event "Let's play some blitz, bitches"]
[Site "SchemingMind.com"]
[Date "2014.12.05"]
[Round "-"]
[White "ray winteringham"]
[Black "kenneth m day"]
[Result "0-1"]
[WhiteCountry "ENG"]
[BlackCountry "USA"]
[WhiteElo "1525"]
[WhiteRD "50"]
[BlackElo "1712"]
[BlackRD "48"]
[GameID "370660"]

1. e4 e5 2. Nf3 Nc6 3. Bc4 Nf6 4. d3 Bc5 5. O-O O-O 6. Bg5 d6 7. Nc3 Be6 8. Na4 Bb6 9. Bxe6 fxe6 10. Nxb6 axb6
11. c3 Qe8 12. b4 h6 13. Bh4 Qg6 14. h3 Nh5 15. Bg3 Nxg3 16. fxg3 Qxg3 17. Qe1 Qg6 18. a4 Rf4 19. b5 Na5 20. Qd1 Rd8
21. Qc2 Qf6 22. Rf2 Rf8 23. Raf1 Qg6 24. Nh4 Qg5 25. Qa2 Qxh4 26. Qxe6+ Kh8 27. Qa2 Rxf2 28. Rxf2 Qxf2+ 29. Qxf2 Rxf2 30. Kxf2 Kh7
31. Ke3 Kg6 32. g3 Nb3 33. d4 exd4+ 34. cxd4 Kf6 35. Kd3 Nc1+ 36. Kc2 Ne2 37. g4 Nxd4+ 38. Kd3 Ke5 39. Ke3 Ne6 40. h4 Nc5
0-1

[Event "Let's play some blitz, bitches"]
[Site "SchemingMind.com"]
[Date "2014.12.05"]
[Round "-"]
[White "kenneth m day"]
[Black "Mastermind_13"]
[Result "1-0"]
[WhiteCountry "USA"]
[BlackCountry "USA"]
[WhiteElo "1712"]
[WhiteRD "48"]
[BlackElo "1708"]
[BlackRD "78"]
[GameID "370661"]

1. e4 c5 2. d4 e6 3. Nf3 cxd4 4. c3 Nc6 5. Bb5 Qc7 6. O-O Nf6 7. Re1 d6 8. cxd4 Bd7 9. Nc3 Be7 10. e5 dxe5
11. dxe5 Nd5 12. Nxd5 exd5 13. Qxd5 O-O 14. Bf4 Be6 15. Qe4 Rad8 16. Rac1 Bd5 17. Qc2 a6 18. Be2
1-0

[Event "Let's play some blitz, bitches"]
[Site "SchemingMind.com"]
[Date "2014.12.05"]
[Round "-"]
[White "Mastermind_13"]
[Black "kenneth m day"]
[Result "0-1"]
[WhiteCountry "USA"]
[BlackCountry "USA"]
[WhiteElo "1708"]
[WhiteRD "78"]
[BlackElo "1712"]
[BlackRD "48"]
[GameID "370662"]

1. e4 e5 2. Nf3 Nc6 3. Bb5 a6 4. Ba4 Nf6 5. O-O Nxe4 6. d4 b5 7. Bb3 d5 8. dxe5 Be6 9. c3 Bc5 10. Nbd2 Nxd2
11. Bxd2 O-O 12. h3 Qd7 13. Bc2 Rad8 14. Ng5 Bf5
0-1

[Event "Let's play some blitz, bitches"]
[Site "SchemingMind.com"]
[Date "2014.12.05"]
[Round "-"]
[White "kenneth m day"]
[Black "bobbassbone"]
[Result "1-0"]
[WhiteCountry "USA"]
[BlackCountry "ENG"]
[WhiteElo "1712"]
[WhiteRD "48"]
[BlackElo "1566"]
[BlackRD "55"]
[GameID "370663"]

1. e4 c6 2. c4 d5 3. cxd5 cxd5 4. exd5 Qxd5 5. d4 Nf6 6. Nc3 Qd8 7. Bc4 Bf5 8. Nf3 h6 9. O-O e6 10. Bf4 Bb4
11. Nb5 O-O 12. Nc7 Nc6 13. Nxa8 Qxa8 14. Ne5 Nxe5 15. dxe5 Rd8 16. Qb3 Be7 17. exf6 Bxf6 18. Rad1
1-0

[Event "Let's play some blitz, bitches"]
[Site "SchemingMind.com"]
[Date "2014.12.05"]
[Round "-"]
[White "bobbassbone"]
[Black "kenneth m day"]
[Result "0-1"]
[WhiteCountry "ENG"]
[BlackCountry "USA"]
[WhiteElo "1566"]
[WhiteRD "55"]
[BlackElo "1712"]
[BlackRD "48"]
[GameID "370664"]

1. d4 Nf6 2. Bf4 d6 3. e3 g6 4. c3 Bg7 5. Nd2 O-O 6. Ngf3 Bg4 7. h3 Bf5 8. Be2 Nd5 9. Bh2 Nc6 10. g4 Bd7
11. Qb3 Nb6 12. g5 Bxh3 13. Bxd6 Be6 14. d5 Bxd5 15. Qd1 exd6 16. Rh2 Ne5 17. Nxe5 Bxe5 18. f4 Bg7 19. Bh5 Qd7 20. Bf3 Qc6
21. Bxd5 Nxd5 22. f5 Nxe3 23. Qb3 Nxf5 24. O-O-O a5 25. Rdh1 Ng3
0-1